Smrdáky Slovenské kúpeľníctvo na rázcestí (5)

Bibliographic Details
Main Author: Mistrík, Štefan (Author)
Format: Article
Language:Slovak
PhysicalDescription:Obr. 3.
Subjects:

MARC

LEADER 00000nab a2200000 a 4500
001 vtls000392611
003 SK-MaSNL
005 20260302223321.0
008 220422c1990 xo 0 slo
015 |a SNBRB19rr/mm-uuuuu 
035 |a CL0392735 
040 |a SNKBUCL  |b slo  |c SNKBUCL  |e AACR2 
041 0 |a slo 
044 |a xo  |c SK 
080 |a 615.838  |2 1981 
100 1 |a Mistrík, Štefan  |4 aut  |9 888224 
245 1 0 |a Smrdáky  |b Slovenské kúpeľníctvo na rázcestí (5)  |c Štefan Mistrík 
300 |b Obr. 3. 
650 0 7 |a kúpele slovenské  |2 snkbucl  |9 952791 
651 7 |a Smrdáky (Slovensko)  |2 snkbucl  |9 82459 
655 7 |a články z novín a časopisov  |2 snkbucl  |9 267496 
773 0 |t Národná obroda  |g Roč. 1, č. 98 (6. 9. 1990), s. 9 
850 |a Slovenská národná knižnica v Martine  |a MTA001 
852 |a SNK  |b KIS3GCP 
958 |a RK 
958 |a ME 
992 |a RBX 
999 |c 1520013  |d 1521943